Imagen 1 Imagen 2 Imagen 3 Imagen 4 Imagen 5 Imagen 6

Derecho y literatura : (Registro nro. 53598)

Detalles MARC
000 -LEADER
campo de control de longitud fija 01205nam a2200325 i 4500
003 - IDENTIFICADOR DE NÚMERO DE CONTROL
campo de control peliumch
005 - FECHA Y HORA DE LA ÚLTIMA TRANSACCIÓN
campo de control 20260202160740.0
007 - CAMPO FIJO DE DESCRIPCIÓN FÍSICA--INFORMACIÓN GENERAL
campo de control de longitud fija ta
008 - DATOS DE LONGITUD FIJA--INFORMACIÓN GENERAL
campo de control de longitud fija 260202t2012 pe ||||gr|||| 00| 0 spa d
020 ## - NÚMERO INTERNACIONAL ESTÁNDAR DEL LIBRO
Número Internacional Estándar del Libro 9786124059803
040 ## - FUENTE DE CATALOGACIÓN
Centro catalogador/agencia de origen UMCH
Lengua de catalogación spa
Centro/agencia transcriptor UMCH
Centro/agencia modificador jmr
Normas de descripción rda
041 0# - CÓDIGO DE IDIOMA
Código de lengua del texto/banda sonora o título independiente spa
043 ## - CÓDIGO DE ÁREA GEOGRÁFICA
Código de área geográfica s-pe---
082 04 - NÚMERO DE LA CLASIFICACIÓN DECIMAL DEWEY
Número de clasificación 340.02/D/T.I
245 ## - MENCIÓN DEL TÍTULO
Título Derecho y literatura :
Resto del título trabajos en homenaje al doctor Iván Rodríguez Chávez. Tomo I /
Mención de responsabilidad, etc. Magdiel Gonzáles Ojeda, Oswaldo Orna Sánchez, Gastón Remy Llerena ... [et al.].
250 ## - MENCION DE EDICION
Mención de edición Primera edición.
264 #1 - PRODUCCIÓN, PUBLICACIÓN, DISTRIBUCIÓN, FABRICACIÓN Y COPYRIGHT
Producción, publicación, distribución, fabricación y copyright Lima :
Nombre del de productor, editor, distribuidor, fabricante Universidad Ricardo Palma, Editorial Universitaria,
Fecha de producción, publicación, distribución, fabricación o copyright 2012
300 ## - DESCRIPCIÓN FÍSICA
Extensión 2 tomos ;
Dimensiones 21 cm.
505 ## - NOTA DE CONTENIDO CON FORMATO
Información miscelánea Parte 1 :
Título Derecho Constitucional--
Información miscelánea Parte 2 :
Título Derecho Penal--
Información miscelánea Parte 3 :
Título Derecho Civil.
521 ## - NOTA DE PÚBLICO DESTINATARIO
Nota de público destinatario Recomendado para un público general.
600 #0 - PUNTO DE ACCESO ADICIONAL DE MATERIA--NOMBRE DE PERSONA
Nombre de persona Rodríguez Chávez, Iván
650 14 - PUNTO DE ACCESO ADICIONAL DE MATERIA--TÉRMINO DE MATERIA
Término de materia o nombre geográfico como elemento de entrada Derecho en la literatura
700 1# - ENTRADA AGREGADA--NOMBRE PERSONAL
Nombre de persona Gonzales Ojeda, Magdiel
Término indicativo de función/relación editora
710 2# - ENTRADA AGREGADA--NOMBRE DE ENTIDAD CORPORATIVA
Nombre de entidad corporativa o nombre de jurisdicción como elemento de entrada Universidad Ricardo Palma (Lima)
Unidad subordinada Editorial Universitaria
942 ## - ELEMENTOS DE ENTRADA SECUNDARIOS (KOHA)
Fuente del sistema de clasificación o colocación Clasificación Decimal Dewey
Tipo de ítem Koha Libros
Suprimir en OPAC No
Existencias
Estatus retirado Estado de pérdida Fuente del sistema de clasificación o colocación Estado de daño No para préstamo Biblioteca de origen Biblioteca actual Fecha de adquisición Fuente de adquisición Información codificada de la localización en otra ubicación Total checkouts Signatura topográfica completa Código de barras Visto por última vez Precio de reemplazo Tipo de ítem Koha
    Clasificación Decimal Dewey     Biblioteca Central Biblioteca Central 02/02/2026 Donación UMCH   340.02/D/T.I 035743 02/02/2026 02/02/2026 Libros

Horarios de atención

De Lunes a Viernes de 8:00 a.m. -7:00 p.m.
Sábados de 8:00 a.m. - 5:00 p.m.



Email:
 biblioteca@umch.edu.pe

Teléfono: (01) 4490449 anexo 400 y 401
WhatsApp: +51 946 208 593